000 00601nam a2200181Ia 4500
003 GCL
008 140319s9999 xx 000 0 ara d
040 _aGCL /
_cGCL
082 0 4 _a150
_bم ت
100 1 _aمحمود السيد ابوالنيل
245 1 0 _aالتحليل العاملى: لذكاء وقدرات الانسان دراسة عربية وعالمية /
_cمحمود السيد ابوالنيل
300 _a469
490 _aسلسلة علم النفس
_v0
650 0 4 _aعلم النفس
650 0 4 _aالذكاء
650 0 4 _aاختبارات الذكاء
942 _2ddc
_cBK
999 _c42691
_d42691